[Event "LSS ZN-2009-0-00789"]
[Site "LSS email"]
[Date "2009.11.03"]
[Round "?"]
[White "Ferluga, Sergio"]
[Black "Belov, Oleg"]
[Result "0-1"]
[WhiteElo "1239"]
[BlackElo "2398"]
[PlyCount "106"]
[EventDate "2009.10.28"]
[EventType "match (corr)"]
[EventRounds "2"]
[EventCountry "GER"]
[SourceTitle "Telechess CBM 137"]
[Source "ChessBase"]
[SourceDate "2010.07.15"]
[SourceVersion "1"]
[SourceVersionDate "2010.07.15"]
[SourceQuality "1"]

1. e4 c5 2. Nf3 Nc6 3. Bb5 g6 4. Bxc6 bxc6 5. 0-0 Bg7 6. c3 Nf6 7. Re1 0-0 8. d4 cxd4 9. cxd4 d5 10. e5 Ne4 11. Ng5 Qb6 12. b3 c5 13. Nxe4 dxe4 14. Nd2 Rd8 15. Rxe4 Bb7 16. Nc4 Qe6 17. Rf4 Ba6 18. Bb2 Bxc4 19. bxc4 Qxc4 20. Qb3 Qxb3 21. axb3 Rab8 22. Rf3 cxd4 23. Rd3 Bxe5 24. Rxa7 Bd6 25. f4 f6 26. Kf2 e5 27. Kf3 Ra8 28. Rxa8 Rxa8 29. Rd2 Bb4 30. Rd1 Ra2 31. Rb1 Kf7 32. Ke4 Ke6 33. g3 g5 34. fxe5 fxe5 35. h3 h5 36. g4 h4 37. Bxd4 exd4 38. Kxd4 Rh2 39. Kc4 Bd6 40. Re1+ Kd7 41. Re3 Bg3 42. Rd3+ Kc6 43. Rd5 Rc2+ 44. Kd3 Kxd5 45. Kxc2 Ke4 46. b4 Kf3 47. Kd3 Kg2 48. Ke4 Kxh3 49. Kf3 Bf4 50. Kf2 Kxg4 51. Ke2 Kg3 52. Kd3 h3 53. Ke4 h2 0-1

[Event "LSS OP-2009-0-00872"]
[Site "LSS email"]
[Date "2009.06.09"]
[Round "?"]
[White "Belov, Oleg"]
[Black "Padilla, Jesus"]
[Result "1-0"]
[WhiteElo "800"]
[BlackElo "1506"]
[PlyCount "77"]
[EventDate "2009.06.04"]
[EventType "tourn (corr)"]
[EventRounds "4"]
[EventCountry "GER"]
[SourceTitle "Corr 2011"]
[Source "ChessBase"]
[SourceDate "2010.08.31"]
[SourceVersion "1"]
[SourceVersionDate "2010.08.31"]
[SourceQuality "1"]

1. d4 d5 2. Nf3 Nf6 3. g3 c6 4. c4 g6 5. cxd5 cxd5 6. Bg2 Bg7 7. Nc3 0-0 8. Ne5 e6 9. f4 Nc6 10. e3 Ne7 11. g4 Ne8 12. h4 f6 13. Nd3 h6 14. b3 Nd6 15. h5 g5 16. Ba3 gxf4 17. Nxf4 Rb8 18. Qd3 b5 19. Bc5 b4 20. Na4 a5 21. 0-0-0 Re8 22. Kb2 Nf7 23. Rc1 Bd7 24. Bxe7 Rxe7 25. Nc5 Ng5 26. Nxd7 Qxd7 27. Qa6 Qd8 28. Rc5 Ra8 29. Qb5 Rb8 30. Qxa5 Qxa5 31. Rxa5 Rc7 32. Rc1 Rbc8 33. Rxc7 Rxc7 34. Rb5 Rc3 35. a4 Rxe3 36. a5 Rc3 37. a6 Rc6 38. Rb8+ Kh7 39. a7 1-0

[Event "LSS OP-2009-0-00814"]
[Site "LSS email"]
[Date "2009.04.16"]
[Round "?"]
[White "Belov, Oleg"]
[Black "Bokros, Janos"]
[Result "1-0"]
[WhiteElo "800"]
[BlackElo "1728"]
[PlyCount "53"]
[EventDate "2009.04.12"]
[EventType "tourn (corr)"]
[EventRounds "4"]
[EventCountry "GER"]
[SourceTitle "Corr 2011"]
[Source "ChessBase"]
[SourceDate "2010.08.31"]
[SourceVersion "1"]
[SourceVersionDate "2010.08.31"]
[SourceQuality "1"]

1. d4 d5 2. Nf3 Nf6 3. c4 e6 4. Nc3 Nc6 5. a3 Bd6 6. Bg5 dxc4 7. e4 h6 8. Bxf6 gxf6 9. Bxc4 Rg8 10. 0-0 Bd7 11. b4 e5 12. Nb5 exd4 13. Qb3 Rg7 14. Rad1 Qe7 15. Bd5 0-0-0 16. Qa4 Bg4 17. Bxc6 Bxf3 18. Nxa7+ Kb8 19. g3 Be2 20. Rfe1 Bxg3 21. hxg3 Ba6 22. b5 Kxa7 23. Bxb7 Qd6 24. e5 Qb6 25. bxa6 d3 26. Kg2 Rgg8 27. Qc4 1-0

[Event "LSS OP-2009-0-00814"]
[Site "LSS email"]
[Date "2009.04.16"]
[Round "?"]
[White "Davila, Oscar Alfredo"]
[Black "Belov, Oleg"]
[Result "0-1"]
[WhiteElo "1691"]
[BlackElo "800"]
[PlyCount "58"]
[EventDate "2009.04.12"]
[EventType "tourn (corr)"]
[EventRounds "4"]
[EventCountry "GER"]
[SourceTitle "Corr 2011"]
[Source "ChessBase"]
[SourceDate "2010.08.31"]
[SourceVersion "1"]
[SourceVersionDate "2010.08.31"]
[SourceQuality "1"]

1. c4 e5 2. Nc3 Nf6 3. d3 Nc6 4. Nf3 d5 5. cxd5 Nxd5 6. Bd2 Be7 7. g3 Be6 8. Bg2 f6 9. 0-0 Qd7 10. Nxd5 Bxd5 11. Qa4 g5 12. Be3 h5 13. h4 0-0-0 14. hxg5 h4 15. gxh4 fxg5 16. Nxg5 Rdg8 17. f3 e4 18. dxe4 Rxh4 19. f4 Bxg5 20. exd5 Bf6 21. Qe4 Nd4 22. Rf2 Nf5 23. Bxa7 Rh1+ 24. Kxh1 Ng3+ 25. Kh2 Nxe4 26. Bxe4 Qg4 27. Bg2 Qg3+ 28. Kg1 b6 29. Re1 Bd4 0-1

[Event "LSS OP-2009-0-00814"]
[Site "LSS email"]
[Date "2009.04.15"]
[Round "?"]
[White "Belov, Oleg"]
[Black "Jokmin, Alex"]
[Result "1-0"]
[WhiteElo "1392"]
[BlackElo "572"]
[PlyCount "21"]
[EventDate "2009.04.12"]
[EventType "tourn (corr)"]
[EventRounds "4"]
[EventCountry "GER"]
[SourceTitle "Corr 2015"]
[Source "ChessBase"]
[SourceDate "2015.07.17"]
[SourceVersion "1"]
[SourceVersionDate "2015.07.17"]
[SourceQuality "1"]

1. d4 d5 2. Nf3 Nf6 3. c4 e6 4. g3 Bd7 5. cxd5 Nxd5 6. Bg2 c5 7. 0-0 Nc6 8. e4 Nf6 9. d5 exd5 10. exd5 Ne7 11. Re1 1-0

[Event "LSS OP-2009-0-00814"]
[Site "LSS email"]
[Date "2009.04.15"]
[Round "?"]
[White "Moeckel, Jean L"]
[Black "Belov, Oleg"]
[Result "0-1"]
[WhiteElo "1388"]
[BlackElo "2398"]
[PlyCount "102"]
[EventDate "2009.04.12"]
[EventType "tourn (corr)"]
[EventRounds "4"]
[EventCountry "GER"]
[SourceTitle "Telechess CBM 137"]
[Source "ChessBase"]
[SourceDate "2010.07.15"]
[SourceVersion "1"]
[SourceVersionDate "2010.07.15"]
[SourceQuality "1"]

1. e4 c5 2. Nf3 Nc6 3. Nc3 e5 4. Bc4 d6 5. 0-0 Be7 6. d3 Nf6 7. Bg5 0-0 8. Bxf6 Bxf6 9. Nd5 Rb8 10. a4 Be6 11. Qd2 Nd4 12. Nxd4 cxd4 13. Qb4 Bg5 14. c3 dxc3 15. bxc3 Qd7 16. Rfb1 Kh8 17. Rb2 f5 18. a5 Rfc8 19. Ba2 fxe4 20. dxe4 Rc5 21. Rd1 Qd8 22. a6 b6 23. h3 h6 24. Bb3 Qc8 25. Ra2 Bxh3 26. gxh3 Qxh3 27. Rf1 Rf8 28. Bd1 Rxd5 29. exd5 Bf4 30. f3 Be3+ 31. Rff2 Rf5 32. Qg4 Rg5 33. Qxg5 hxg5 34. Rae2 Bc5 35. Rd2 Kg8 36. Rb2 g4 37. fxg4 Qd3 38. Ba4 Qg3+ 39. Kf1 Qh3+ 40. Ke1 Bxf2+ 41. Rxf2 Qxc3+ 42. Rd2 e4 43. Ke2 Qc4+ 44. Ke3 Qxa4 45. Rd4 Qxa6 46. Rxe4 Qa3+ 47. Ke2 Qb2+ 48. Kd3 Qb1+ 49. Ke3 Qxe4+ 50. Kxe4 a5 51. Kd3 b5 0-1